| 000 | 00358nam a22001457a 4500 | ||
|---|---|---|---|
| 020 | _a9780746077214 | ||
| 040 | _cNUST | ||
| 082 |
_a823-CH _bPHI |
||
| 100 |
_aCox, Roxbee, Phil _9123047 |
||
| 110 |
_aCartwright, Stephen _981945 |
||
| 245 | _aHen's Pen | ||
| 260 |
_aLondon: _bUS Borne Publishers, _c2006. |
||
| 650 |
_aHen's Pen _9123048 |
||
| 942 |
_2ddc _cBK |
||
| 999 |
_c609370 _d609370 |
||